000 00232nam a22001097a 4500
003 OSt
008 250107b |||||||| |||| 00| 0 eng d
041 _aeng
100 _aGopimani, R
_96738
245 _aVilasasya Shastram
942 _cBK
999 _c18968
_d18968